Llwytho...

മഹാഭാരതം കിളിപ്പാട്ട് കര്‍ണ്ണപര്‍വ്വം

Manylion Llyfryddiaeth
Prif Awduron: എഴുത്തച്ഛന്‍, Ezhuthachan
Awduron Eraill: വിജയന്‍ എം എ (എഡി.), Vijayan M A (Edi.)
Fformat: Printed Book
Cyhoeddwyd: Kottayam; Auroville Pub; 1969
Rhifyn:1st
Pynciau:
LEADER 00897nam a22002057a 4500
082 |a 808.8132  |b EZH/M K9 
100 |a എഴുത്തച്ഛന്‍  |9 196493 
100 |a Ezhuthachan  |9 196494 
240 |a Mahabharatham Kilippatt Karnaparvam 
245 |a മഹാഭാരതം കിളിപ്പാട്ട് കര്‍ണ്ണപര്‍വ്വം  
250 |a 1st  
260 |a Kottayam;  |b Auroville Pub;  |c 1969 
300 |a 126p. 
650 |a മലയാളം; പ്രാചീനകൃതികള്‍  |9 196495 
650 |a Malayalam; Ancient Poetry   |9 196496 
700 |a വിജയന്‍ എം എ (എഡി.)  |9 196497 
700 |a Vijayan M A (Edi.)  |9 196498 
942 |c BK 
999 |c 63254  |d 63254 
952 |0 0  |1 0  |4 0  |6 808_813200000000000_EZH_M_K9  |7 0  |8 ANCP  |9 75741  |a MAL  |b MAL  |d 2016-10-04  |e 15837  |g 2.00  |l 0  |o 808.8132 EZH/M K9  |p MAL015837  |r 2016-10-04  |t 1  |w 2016-10-04  |y BK